Design Of Wood Structures ASD/LRFD (Record no. 34547)

MARC details
000 -LEADER
fixed length control field 00343nam a22001457a 4500
003 - CONTROL NUMBER IDENTIFIER
control field OSt
005 - DATE AND TIME OF LATEST TRANSACTION
control field 20220407093911.0
008 - FIXED-LENGTH DATA ELEMENTS--GENERAL INFORMATION
fixed length control field 220407b |||||||| |||| 00| 0 eng d
020 ## - INTERNATIONAL STANDARD BOOK NUMBER
International Standard Book Number 9780071455398
040 ## - CATALOGING SOURCE
Transcribing agency HU
082 ## - DEWEY DECIMAL CLASSIFICATION NUMBER
Edition number 6th
Classification number 721.0448
100 ## - MAIN ENTRY--PERSONAL NAME
Personal name Breyer
9 (RLIN) 35583
245 ## - TITLE STATEMENT
Title Design Of Wood Structures ASD/LRFD
942 ## - ADDED ENTRY ELEMENTS (KOHA)
Source of classification or shelving scheme Dewey Decimal Classification
Koha item type Books like text book referance book
Suppress in OPAC No
Holdings
Withdrawn status Lost status Source of classification or shelving scheme Damaged status Not for loan Home library Current library Shelving location Date acquired Total Checkouts Full call number Barcode Date last seen Copy number Price effective from Koha item type
    Dewey Decimal Classification     IoT Library IoT Library General Stacks 04/07/2022   721.0448/BRE/2007 IOTL0020152 04/07/2022 1 04/07/2022 Books like text book referance book
    Dewey Decimal Classification     IoT Library IoT Library General Stacks 05/09/2022   624.184/DES/2007 IOTL0021221 05/09/2022 2 05/09/2022 Books like text book referance book
    Dewey Decimal Classification     IoT Library IoT Library General Stacks 01/17/2023   721.0448/BRE/2007 IOTL0022276 01/17/2023 3 01/17/2023 Books like text book referance book
    Dewey Decimal Classification     IoT Library IoT Library General Stacks 10/17/2023   721.0448/BER/2007 IOTL0023019 10/17/2023 4 10/17/2023 Books like text book referance book
    Dewey Decimal Classification     IoT Library IoT Library General Stacks 10/17/2023   721.0448/BER/2007 IOTL0023020 10/17/2023 5 10/17/2023 Books like text book referance book
    Dewey Decimal Classification     IoT Library IoT Library General Stacks 01/29/2024   721.0448/BER/2007 IOTL0024706 01/29/2024 6 01/29/2024 Books like text book referance book
    Dewey Decimal Classification     IoT Library IoT Library General Stacks 01/29/2024   721.0448/BER/2007 IOTL0024707 01/29/2024 7 01/29/2024 Books like text book referance book
    Dewey Decimal Classification     IoT Library IoT Library General Stacks 01/29/2024   721.0448/BER/2007 IOTL0024708 01/29/2024 8 01/29/2024 Books like text book referance book
    Dewey Decimal Classification     IoT Library IoT Library General Stacks 01/29/2024   721.0448/BER/2007 IOTL0024709 01/29/2024 9 01/29/2024 Books like text book referance book